Kitāb al-masʼalah al-Sharqīyah /

محفوظ في:

المؤلف الرئيسي: Muṣṭafá Kāmil, 1874-1908 (مؤلف)

التنسيق: كتاب

اللغة: Arabic

منشور في: Miṣr : Maṭbaʻat al-Ādāb, 1898.

الطبعة: al-Ṭabʻah 1.

الموضوعات:

الوسوم: إضافة وسم

لا توجد وسوم, كن أول من يضع وسما على هذه التسجيلة!

رقم الطلب: D374 .M84 1898

LEADER 01214nam a2200241Ia 4500
003 OSt
005 20230302085303.0
008 130303s1898 ua g 000 0 ara d
952 |0 0  |1 0  |2 lcc  |4 0  |6 D0374 M84 01898  |7 1  |9 45664  |a ARCE  |b ARCE  |d 2023-03-02  |l 0  |o D374 .M84 1898  |p 1022451  |r 2023-03-02 00:00:00  |w 2023-03-02  |y BK 
999 |c 30257  |d 30257 
010 |a 74212759 
050 4 |a D374 .M84 1898 
100 0 |6 880-01  |a Muṣṭafá Kāmil,  |d 1874-1908,  |e author 
245 1 0 |6 880-02  |a Kitāb al-masʼalah al-Sharqīyah /  |c Taʼlīf Muṣṭafá Kāmil. 
246 3 |a Masʼalah al-Sharqīyah. 
250 |a al-Ṭabʻah 1. 
264 1 |a Miṣr :   |b Maṭbaʻat al-Ādāb,   |c 1898. 
300 |a 352 pages ;   |c 24 cm. 
650 0 |a Eastern question. 
880 0 |6 100-01/(3/r  |a مصطفي كامل،‪‪‪‪‪‪‪‪‪‪‪‪‪‪‪‪‪‪‪‪‪‪‪‪‪‪‪‪‪‪‪‪‪‪‪‪‪‪‪‪‪‪‪‪‪‪‪‪‪‪‪‪‪‪‪‪‪‪‪‪‪‪‪‪‪‪‪‪‪‪‪‪‪‪‪‪‪‪‪‪‪‪‪‪‪‪‪‪‪‪‪‪‪‪‪‪  |d 1874-1908. 
880 1 0 |6 245-02/(3/r  |a كتاب المسألة الشرقية   |c تأليف مصطفى كامل 
901 |a reviewed 
942 |c BK  |2 lcc